| 000 | 00536cam9a220018100 4500 | ||
|---|---|---|---|
| 001 | tmp15758536 | ||
| 003 | UPRA | ||
| 005 | 20190826090353.0 | ||
| 008 | 951021s1976 xx eng u | ||
| 035 | _a(Sirsi) r43442 | ||
| 035 | _a(UPRA)tmp15758536 | ||
| 040 | _cUPRA | ||
| 100 | 1 |
_aSmith, Lynwood S., 1928- _dSmith, Lynwood S., 1928- _6A1221.1 |
|
| 245 | 1 | 2 | _aA practical guide to the anatomy and physiology of Pacific salmon. |
| 260 | _c1976. | ||
| 949 |
_aQL638 _wlcc _i33729000255815 _mMAIN _p2500 _tBOOK _lON-SHELF |
||
| 004 | 43442 | ||
| 999 |
_c159018 _d159018 |
||